000 00598nam a22002177a 4500
003 UA-OsUOA
001 118644
007 ta
008 20160912b un ||||| |||| 00| 0 ukr d
100 _aРоманова Т.В.
090 _a330(477)
_bР69
942 _cSA
040 _aUA-OsUOA
_bukr
_cUA-OsUOA
_dUA-OsUOA
245 _aІсторичний процес формування структурної політики України
300 _aС.78-90
955 _a0
041 _aukr
080 _a330(477)
773 0 _w118641
650 7 _a330 Економіка взагалі
_2UDC
999 _c404731
_d404731